书目信息 |
| 题名: |
Office 2003三合一自动化办公教程与上机指导
|
|
| 作者: | ;张存生 , 黄飞 编著 ;计算机职业教育联盟 主编 | |
| 分册: | ||
| 出版信息: | 北京 清华大学出版社 2004.08 |
|
| 页数: | XIII, 384页 | |
| 开本: | 26cm | |
| 丛书名: | 新起点电脑教程 | |
| 单 册: | ||
| 中图分类: | TP391.1 | |
| 科图分类: | ||
| 主题词: | 办公室自动化--应用软件 | |
| 电子资源: | ||
| ISBN: | 7-302-09045-9 | |
| 000 | 01222nam 2200277 450 | |
| 001 | 01974246 | |
| 005 | 20051012105650.90 | |
| 010 | @a7-302-09045-9@dCNY29.50 | |
| 100 | @a20050317d2004 km y0chiy0120 ea | |
| 101 | 0 | @achi |
| 102 | @aCN@b110000 | |
| 105 | @aa z 000yy | |
| 200 | 1 | @aOffice 2003三合一自动化办公教程与上机指导@AOffice 2003 san he yi zi dong hua ban gong jiao cheng yu shang ji zhi dao@f计算机职业教育联盟主编@Fji suan ji zhi ye jiao yu lian meng zhu bian@g张存生, 黄飞编著@Gzhang cun sheng,huang fei bian zhu |
| 210 | @a北京@c清华大学出版社@d2004.08 | |
| 215 | @aXIII, 384页@c图@d26cm | |
| 225 | 2 | @a新起点电脑教程 |
| 330 | @a本书是一本专为计划在较短时间内掌握电脑办公的人员编写的教程。本书结合实例,详细、系统地介绍了目前最为流行的电脑办公软件中的Word2003、Excel2003和PowerPoint2003的操作方法,它们是Microsoft公司推出的Office2003的重要组成部分。 | |
| 410 | 0 | @12001 @a新起点电脑教程 |
| 606 | 0 | @a办公室自动化@x应用软件 |
| 610 | 0 | @aOffice 2003 |
| 690 | @aTP391.1@v4 | |
| 702 | 0 | @a张存生@Azhang cun sheng@4编著 |
| 702 | 0 | @a黄飞@Ahuang fei@4编著 |
| 711 | 02 | @a计算机职业教育联盟@Aji suan ji zhi ye jiao yu lian meng@4主编 |
| 801 | 0 | @aCN@bQSSK@c20051012 |
| 905 | @a10447@dTP391.1@eZ086 | |
| Office 2003三合一自动化办公教程与上机指导/计算机职业教育联盟主编/张存生, 黄飞编著.-北京:清华大学出版社,2004.08 |
| XIII, 384页:图;26cm.-(新起点电脑教程) |
| ISBN 7-302-09045-9:CNY29.50 |
| 本书是一本专为计划在较短时间内掌握电脑办公的人员编写的教程。本书结合实例,详细、系统地介绍了目前最为流行的电脑办公软件中的Word2003、Excel2003和PowerPoint2003的操作方法,它们是Microsoft公司推出的Office2003的重要组成部分。 |
| ● |
| 相关链接 |
|
|
|
正题名:Office 2003三合一自动化办公教程与上机指
索取号:TP391.1/Z086
 
预约/预借
| 序号 | 登录号 | 条形码 | 馆藏地/架位号 | 状态 | 备注 |
| 1 | 566247 | 205662479 | 期刊室512/301自科库 60排5列2层/ [索取号:TP391.1/Z086] | 在馆 | |
| 2 | 566248 | 205662488 | 自科库301/301自科库 60排5列2层/ [索取号:TP391.1/Z086] | 在馆 | |
| 3 | 566249 | 205662497 | 期刊室512/301自科库 60排5列2层/ [索取号:TP391.1/Z086] | 在馆 |